[Event "Titled Tue 17th Jun Early"]
[Site "chess.com INT"]
[Date "2025.06.17"]
[Round "9"]
[White "Perry, Patrick"]
[Black "Novikova, Marharyta"]
[Result "0-1"]
[BlackTitle "WCM"]
[WhiteElo "2296"]
[BlackElo "1974"]
[WhiteFideId "30917727"]
[BlackFideId "14109689"]
[EventDate "2025.06.17"]

1. e4 d5 2. exd5 Nf6 3. d4 Nxd5 4. Nf3 Bf5 5. Bc4 e6 6. O-O Be7 7. c3 O-O 8.
Nbd2 Nd7 9. Re1 N7f6 10. Nf1 c6 11. Ng3 Bg6 12. Ne5 Qc7 13. Nxg6 hxg6 14. Qe2
Nf4 15. Bxf4 Qxf4 16. Rad1 Bd6 17. Rd3 Qh4 18. Bxe6 Rae8 19. Re3 fxe6 20. Rxe6
Rd8 21. Qc4 Nd5 22. R6e4 Qf6 23. f3 Bxg3 24. hxg3 Qd6 25. g4 Rf7 26. Re6 Qd7 27.
Rxg6 Qc7 28. Rge6 Qg3 29. Re8+ Rxe8 30. Rxe8+ Rf8 31. Rxf8+ Kxf8 32. Qc5+ Kg8
33. Qxa7 Ne3 34. Qb8+ Qxb8 35. Kf2 0-1

[Event "Titled Tue 17th Jun Early"]
[Site "chess.com INT"]
[Date "2025.06.17"]
[Round "9"]
[White "Vaganian, Rafael A"]
[Black "Szpar, Milosz"]
[Result "0-1"]
[WhiteTitle "GM"]
[BlackTitle "IM"]
[WhiteElo "2449"]
[BlackElo "2495"]
[WhiteFideId "13300016"]
[BlackFideId "1184989"]
[EventDate "2025.06.17"]

1. d4 Nf6 2. Nf3 e6 3. e3 b6 4. Bd3 Bb7 5. O-O d5 6. c4 Bd6 7. cxd5 exd5 8. a3
Nbd7 9. b4 Ne4 10. Bb2 Qe7 11. Nc3 a6 12. b5 a5 13. Qb3 Ndf6 14. Rad1 O-O-O 15.
Ne5 Qe8 16. Bxe4 dxe4 17. Nxf7 Kb8 18. h3 g5 19. Nxh8 Qxh8 20. d5 Qg8 21. Qc4 g4
22. h4 g3 23. f3 exf3 24. Rxf3 Ng4 25. Ne4 Ne5 26. Bxe5 Bxe5 27. Rf5 Qg4 28.
Rdf1 Qxh4 29. R1f3 Rxd5 30. Nd2 Qh2+ 31. Kf1 Rxd2 0-1

[Event "Titled Tue 17th Jun Early"]
[Site "chess.com INT"]
[Date "2025.06.17"]
[Round "9"]
[White "Bluebaum, Matthias"]
[Black "Rogov, Matfey"]
[Result "1-0"]
[WhiteTitle "GM"]
[BlackTitle "FM"]
[WhiteElo "2663"]
[BlackElo "2348"]
[WhiteFideId "24651516"]
[BlackFideId "44191308"]
[EventDate "2025.06.17"]

1. d4 d5 2. c4 Nc6 3. Nc3 Nf6 4. Nf3 dxc4 5. e4 Bg4 6. Be3 e6 7. Bxc4 Bb4 8. Qc2
O-O 9. Rd1 Bxc3+ 10. bxc3 Bxf3 11. gxf3 Nh5 12. e5 Ne7 13. Qe4 Nd5 14. Rg1 Nxc3
15. Qg4 Nxd1 16. Kxd1 c5 17. Qxh5 g6 18. Qh6 Rc8 19. Bd3 Qd5 20. Bg5 Qxf3+ 21.
Ke1 Qxd3 22. Bf6 Qb1+ 23. Ke2 Qe4+ 24. Kf1 Qd3+ 25. Kg2 Qe4+ 26. Kg3 Qd3+ 27. f3 1-0

[Event "Titled Tue 17th Jun Early"]
[Site "chess.com INT"]
[Date "2025.06.17"]
[Round "9"]
[White "Parfenov, Viktor N."]
[Black "George, Kevin"]
[Result "0-1"]
[WhiteTitle "CM"]
[BlackTitle "IM"]
[WhiteElo "2193"]
[BlackElo "2327"]
[WhiteFideId "4165969"]
[BlackFideId "10669515"]
[EventDate "2025.06.17"]

1. d4 Nf6 2. c4 g6 3. Nc3 Bg7 4. e4 d6 5. Be2 O-O 6. h4 c5 7. d5 e6 8. h5 exd5
9. h6 Bh8 10. exd5 Bf5 11. f3 Re8 12. Kf1 Nh5 13. Qe1 Be5 14. Rxh5 gxh5 15. f4
Bd4 16. Qg3+ Kh8 17. Nf3 Qf6 18. Bd2 Nd7 19. Nb5 Bxb2 20. Re1 a6 21. Nc7 Rg8 22.
Ng5 Rac8 23. Bxh5 Bg6 24. Bxg6 Rxg6 25. Ne8 Qf5 26. Nxd6 Rxd6 27. Re7 Rf6 28.
Ne4 Rg6 29. Bc3+ f6 30. Qe3 Bxc3 31. Qxc3 Rcg8 32. Rxd7 Qxe4 0-1

[Event "Titled Tue 17th Jun Early"]
[Site "chess.com INT"]
[Date "2025.06.17"]
[Round "9"]
[White "Yelisieiev, Yevhenii"]
[Black "Linares Orellana, Hector Jose"]
[Result "1-0"]
[WhiteTitle "IM"]
[BlackTitle "FM"]
[WhiteElo "2412"]
[BlackElo "2111"]
[WhiteFideId "14139642"]
[BlackFideId "7304307"]
[EventDate "2025.06.17"]

1. d4 d5 2. c4 e6 3. Nc3 Nf6 4. cxd5 exd5 5. Bg5 Be7 6. e3 O-O 7. Bd3 c6 8. Nge2
Nbd7 9. Qc2 Re8 10. f3 h6 11. Bh4 Nh5 12. Bf2 Bg5 13. f4 Be7 14. O-O-O Nhf6 15.
h3 c5 16. g4 c4 17. Bf5 Nb6 18. Rdg1 Bxf5 19. Qxf5 Qd7 20. Qc2 Bf8 21. g5 hxg5
22. Rxg5 Ne4 23. Nxe4 Rxe4 24. Ng3 Re6 25. h4 Rc8 26. h5 c3 27. b3 Ba3+ 28. Kb1
Qb5 29. Nf5 Nc4 30. Rd1 Bf8 31. Qd3 Na3+ 32. Kc1 1-0

[Event "Titled Tue 17th Jun Early"]
[Site "chess.com INT"]
[Date "2025.06.17"]
[Round "9"]
[White "Akkara, Omer"]
[Black "Kosakowski, Jakub"]
[Result "0-1"]
[WhiteTitle "CM"]
[BlackTitle "GM"]
[WhiteElo "2036"]
[BlackElo "2548"]
[WhiteFideId "26319802"]
[BlackFideId "1185080"]
[EventDate "2025.06.17"]

1. e4 c5 2. Nf3 e6 3. b3 b6 4. Bb2 Bb7 5. Nc3 Nc6 6. Be2 Nd4 7. O-O Ne7 8. Re1
Nxf3+ 9. Bxf3 Ng6 10. e5 Qc8 11. Ne4 Be7 12. d3 O-O 13. g3 Qc7 14. Nd2 d5 15.
exd6 Bxd6 16. Bxb7 Qxb7 17. Qf3 Qxf3 18. Nxf3 Rfd8 19. Rad1 h6 20. Kg2 Ne7 21.
Ne5 Rac8 22. Re4 Nd5 23. a3 a6 24. Rde1 Nf6 25. R4e2 b5 26. Nf3 c4 27. dxc4 bxc4
28. b4 Nd5 29. Bd4 a5 30. c3 Ra8 31. Nd2 Rdc8 32. Ne4 Bf8 33. b5 Bxa3 34. Ra2
Be7 35. Rea1 Bd8 36. Nd6 Rcb8 37. Ra4 Bc7 38. Nxc4 Rxb5 39. Nd2 Rb7 40. c4 Nb4
41. Ne4 Nc2 42. Rd1 Rb4 43. Rxb4 axb4 44. Nc5 Nxd4 45. Rxd4 Bb6 0-1

[Event "Titled Tue 17th Jun Early"]
[Site "chess.com INT"]
[Date "2025.06.17"]
[Round "9"]
[White "Fedorov, Artem Alek"]
[Black "Sharapov, Yevhen"]
[Result "0-1"]
[WhiteTitle "CM"]
[BlackTitle "GM"]
[WhiteElo "2157"]
[BlackElo "2375"]
[WhiteFideId "34418431"]
[BlackFideId "14103133"]
[EventDate "2025.06.17"]

1. e4 c5 2. Nf3 d6 3. d4 cxd4 4. Qxd4 e5 5. Qd3 h6 6. Nc3 Nf6 7. Be3 Be7 8.
O-O-O a6 9. Nd2 b5 10. Nd5 Nbd7 11. Nb3 Nxd5 12. exd5 O-O 13. g3 Bb7 14. Bh3 Nf6
15. Bg2 Qc7 16. f4 Ng4 17. Bg1 f5 18. h3 e4 19. Qd2 Nf6 20. Bd4 a5 21. Bxf6 Bxf6
22. Nd4 Qc4 23. Bf1 Qxa2 24. Qc3 Rfc8 25. Qa3 Qxa3 26. bxa3 Bxd4 27. Rxd4 Rc5
28. a4 bxa4 29. Rxa4 Rac8 30. Rh2 Bxd5 31. g4 Bb3 32. gxf5 Bxa4 0-1

[Event "Titled Tue 17th Jun Early"]
[Site "chess.com INT"]
[Date "2025.06.17"]
[Round "9"]
[White "Platzgummer, Fabian"]
[Black "Nitish, Belurkar"]
[Result "0-1"]
[WhiteTitle "IM"]
[BlackTitle "IM"]
[WhiteElo "2293"]
[BlackElo "2454"]
[WhiteFideId "1617222"]
[BlackFideId "5084768"]
[EventDate "2025.06.17"]

1. Nf3 d6 2. d4 Bg4 3. e4 Nf6 4. Nc3 Nbd7 5. Bc4 e5 6. Bg5 Be7 7. dxe5 dxe5 8.
O-O O-O 9. h3 Bh5 10. Qe2 c6 11. Rfd1 Qc7 12. Bh4 Rad8 13. Bg3 Rfe8 14. Rd2 a5
15. a4 Bb4 16. Rad1 Ra8 17. Rd3 Nc5 18. Re3 Bxc3 19. bxc3 Nxa4 20. Bh2 Nb2 21.
Rb1 Nxc4 22. Qxc4 Bxf3 23. Rxf3 a4 24. Rf5 a3 25. Ra1 b5 26. Qb3 Qd6 27. f4 Nxe4
28. fxe5 Qc5+ 29. Kh1 Nf2+ 30. Kg1 Nxh3+ 31. Kh1 Nf2+ 32. Kg1 Ne4+ 33. Kh1 Qd5
34. Rxa3 Qd1+ 35. Bg1 Ng3+ 36. Kh2 Nxf5 37. Rxa8 Qh5# 0-1

[Event "Titled Tue 17th Jun Early"]
[Site "chess.com INT"]
[Date "2025.06.17"]
[Round "9"]
[White "Loskutova, Viktoriya"]
[Black "Aarit Kapil"]
[Result "0-1"]
[WhiteTitle "WFM"]
[BlackTitle "CM"]
[WhiteElo "2092"]
[BlackElo "2078"]
[WhiteFideId "34166278"]
[BlackFideId "33408947"]
[EventDate "2025.06.17"]

1. e4 c5 2. Nf3 d6 3. d4 cxd4 4. Nxd4 Nf6 5. Nc3 Nc6 6. Bg5 e5 7. Bxf6 gxf6 8.
Nf5 Bxf5 9. exf5 Qa5 10. Qd5 O-O-O 11. Qxf7 Nd4 12. O-O-O d5 13. Qxf6 Ba3 14.
Rd3 Rhf8 15. Qxe5 Nc6 16. Qe6+ Kb8 17. Nxd5 Rfe8 18. Rxa3 Qc5 19. Rc3 Qxf2 20.
Rxc6 bxc6 21. Bd3 Rxe6 22. fxe6 cxd5 0-1

[Event "Titled Tue 17th Jun Early"]
[Site "chess.com INT"]
[Date "2025.06.17"]
[Round "9"]
[White "Punin, Andrii"]
[Black "Chaulagain, Purusottam"]
[Result "1-0"]
[WhiteTitle "FM"]
[BlackTitle "CM"]
[WhiteElo "2289"]
[BlackElo "1952"]
[WhiteFideId "14112639"]
[BlackFideId "12300730"]
[EventDate "2025.06.17"]

1. e4 d5 2. exd5 Qxd5 3. Nc3 Qa5 4. d4 Nf6 5. Nf3 Bf5 6. Bd2 e6 7. Bc4 Bb4 8. a3
Bxc3 9. Bxc3 Qb6 10. d5 exd5 11. Bxd5 O-O 12. O-O Nxd5 13. Qxd5 Bxc2 14. Qe5 f6
15. Qd5+ Kh8 16. Nd4 Bg6 17. Rfe1 Nc6 18. Ne6 Rfe8 19. Nf4 Rad8 20. Nxg6+ hxg6
21. Qf7 Rxe1+ 22. Rxe1 Nd4 23. Qxg6 Qd6 24. h4 Qf4 25. h5 Nf5 26. Bxf6 Rd6 27.
Re8# 1-0

[Event "Titled Tue 17th Jun Early"]
[Site "chess.com INT"]
[Date "2025.06.17"]
[Round "9"]
[White "Sheehan, Ethan"]
[Black "Kourkoulos-Arditis, Stamatis"]
[Result "1-0"]
[BlackTitle "GM"]
[WhiteElo "2364"]
[BlackElo "2580"]
[WhiteFideId "30943965"]
[BlackFideId "4221990"]
[EventDate "2025.06.17"]

1. d4 c5 2. d5 g6 3. Nc3 Bg7 4. Nf3 d6 5. e4 Nf6 6. Be2 O-O 7. O-O e6 8. Nd2
exd5 9. exd5 Nbd7 10. a4 Re8 11. Nc4 Ne5 12. Na3 a6 13. Bf4 Bf5 14. Re1 Qb6 15.
Bxe5 dxe5 16. Nc4 Qd8 17. Qd2 e4 18. Rad1 b6 19. h3 Bd7 20. Qf4 Qb8 21. d6 b5
22. axb5 axb5 23. Ne5 Be6 24. Bxb5 Nh5 25. Qh2 Rd8 26. Nc6 Qb6 27. Nxd8 Rxd8 28.
Be2 Qxb2 29. Nxe4 Be5 30. g3 Nf6 31. Nxc5 Bf5 32. Nd3 Qc3 33. Nxe5 Qxe5 34. Bg4
Qc5 35. Bxf5 gxf5 36. Qg2 Rxd6 37. Rxd6 Qxd6 38. Qf3 Qc5 39. Qe3 Qxc2 40. Qg5+ 1-0

[Event "Titled Tue 17th Jun Early"]
[Site "chess.com INT"]
[Date "2025.06.17"]
[Round "9"]
[White "Cahaya, Satria Duta"]
[Black "Khazhatuly, Alikhan"]
[Result "1-0"]
[WhiteTitle "FM"]
[BlackTitle "CM"]
[WhiteElo "2386"]
[BlackElo "2173"]
[WhiteFideId "7124252"]
[BlackFideId "13731335"]
[EventDate "2025.06.17"]

1. e4 c5 2. Nf3 e6 3. d4 cxd4 4. Nxd4 a6 5. Nc3 Qc7 6. Bd3 Nc6 7. Nxc6 dxc6 8.
O-O e5 9. f4 Bc5+ 10. Kh1 Nf6 11. Qf3 Bd6 12. f5 b5 13. Qg3 Kf8 14. a4 Bb7 15.
Be3 h5 16. Qh4 Ng4 17. Bg1 Qe7 18. Qe1 Rc8 19. h3 Nf6 20. Qe3 Nd7 21. axb5 cxb5
22. Qa7 Rc7 23. Rxa6 Bxa6 24. Qxa6 Nc5 25. Qxb5 Rb7 26. Qc4 Nxd3 27. Qxd3 Qd8
28. Rd1 Rd7 29. Bc5 Ke7 30. Nd5+ Kf8 31. Nb6 Bxc5 32. Nxd7+ Ke7 33. Nxc5 Qc8 34.
Qd6+ Ke8 35. f6 gxf6 36. Nd7 Rh6 37. Qf8# 1-0

[Event "Titled Tue 17th Jun Early"]
[Site "chess.com INT"]
[Date "2025.06.17"]
[Round "9"]
[White "Zebracki, Tomasz"]
[Black "Carrasco Miranda, Andres"]
[Result "0-1"]
[WhiteTitle "FM"]
[BlackTitle "CM"]
[WhiteElo "2230"]
[BlackElo "2211"]
[WhiteFideId "1181521"]
[BlackFideId "3405990"]
[EventDate "2025.06.17"]

1. d4 Nf6 2. Bf4 g6 3. e3 Bg7 4. h3 O-O 5. Nf3 d6 6. Be2 b6 7. O-O Bb7 8. Nbd2
c5 9. c3 a6 10. a4 Nbd7 11. Bh2 Ra7 12. b4 cxb4 13. cxb4 Qa8 14. Qb3 Ne4 15.
Nxe4 Bxe4 16. Rfc1 Rc8 17. Rxc8+ Qxc8 18. Nd2 Ba8 19. Bc4 Qe8 20. Rc1 Nf6 21.
Bf4 b5 22. Bxf7+ Qxf7 23. Rc8+ Bf8 24. Bh6 Nd7 25. Qc2 Qd5 26. Nf3 Qf5 27. Ng5
Qxc2 28. Rxc2 Bxh6 29. Rc8+ Nf8 0-1

[Event "Titled Tue 17th Jun Early"]
[Site "chess.com INT"]
[Date "2025.06.17"]
[Round "9"]
[White "Brady, Tyson"]
[Black "Bardyk, Artem"]
[Result "1-0"]
[WhiteTitle "CM"]
[BlackTitle "FM"]
[WhiteElo "2170"]
[BlackElo "2260"]
[WhiteFideId "30970369"]
[BlackFideId "34349979"]
[EventDate "2025.06.17"]

1. Nf3 d5 2. g3 Nc6 3. Bg2 e5 4. O-O e4 5. Ne1 Nf6 6. d3 Bf5 7. Nc3 h5 8. Bg5
Qe7 9. Nxd5 Nxd5 10. Bxe7 Ndxe7 11. dxe4 Be6 12. Nd3 O-O-O 13. c3 h4 14. Qa4
hxg3 15. hxg3 Ng6 16. Rad1 Be7 17. Nb4 Bxb4 18. cxb4 Nd4 19. f3 Nxe2+ 20. Kf2
Nd4 21. Qxa7 Nc6 22. Qa8+ Nb8 23. f4 Bg4 24. Bf3 Bh3 25. Rxd8+ Rxd8 26. Rd1 Rxd1
27. Bxd1 Bd7 28. Bf3 Ne7 29. e5 Bc6 30. Bxc6 Nxc6 31. a3 b5 32. a4 bxa4 33. b5
Nd8 34. Qxa4 Nd7 35. Qa8+ Nb8 36. f5 Nb7 37. e6 fxe6 38. fxe6 Nd6 39. e7 Ne8 40.
g4 g5 41. Qd5 Nd7 42. Qxg5 Kb7 43. Qg6 Ndf6 44. g5 Ng4+ 45. Ke2 1-0

[Event "Titled Tue 17th Jun Early"]
[Site "chess.com INT"]
[Date "2025.06.17"]
[Round "9"]
[White "Caruana, Fabiano"]
[Black "Mamedyarov, Shakhriyar"]
[Result "0-1"]
[WhiteTitle "GM"]
[BlackTitle "GM"]
[WhiteElo "2777"]
[BlackElo "2746"]
[WhiteFideId "2020009"]
[BlackFideId "13401319"]
[EventDate "2025.06.17"]

1. e4 d5 2. exd5 Qxd5 3. Nc3 Qa5 4. d4 Nf6 5. Nf3 Bf5 6. Bd2 e6 7. Ne4 Qb6 8.
Nxf6+ gxf6 9. Qc1 Nc6 10. c3 Ne7 11. Be2 Rg8 12. g3 Bh3 13. Qc2 O-O-O 14. O-O-O
Qc6 15. Rhe1 Bf5 16. Qb3 Qe4 17. Be3 Qb1+ 18. Kd2 Qe4 19. Kc1 Qb1+ 20. Kd2 Qe4
21. Nh4 Rd6 22. Nxf5 Nxf5 23. Bd3 Qf3 24. Kc2 Nxe3+ 25. fxe3 a6 26. Qa4 Bh6 27.
Rf1 Qh5 28. Rd2 Bxe3 29. Re2 Bg5 30. h4 Bh6 31. Rxf6 Kb8 32. Bxh7 Qxe2+ 0-1

[Event "Titled Tue 17th Jun Early"]
[Site "chess.com INT"]
[Date "2025.06.17"]
[Round "9"]
[White "Dragnev, Valentin"]
[Black "Aakash, G"]
[Result "0-1"]
[WhiteTitle "GM"]
[BlackTitle "FM"]
[WhiteElo "2547"]
[BlackElo "2123"]
[WhiteFideId "1634852"]
[BlackFideId "25644394"]
[EventDate "2025.06.17"]

1. e4 e6 2. d4 d5 3. Nd2 Nf6 4. e5 Nfd7 5. f4 c5 6. c3 Nc6 7. Ndf3 Be7 8. Bd3
O-O 9. Ne2 f6 10. O-O f5 11. Be3 a6 12. a3 b5 13. Kh1 Bb7 14. Ng5 Bxg5 15. fxg5
Re8 16. Nf4 Qxg5 17. Nxd5 Qd8 18. Nf4 cxd4 19. cxd4 Nb6 20. Rc1 Nxd4 21. Bb1 Nc4
22. Bxd4 Qg5 23. Qe2 Rad8 24. Rcd1 Rd7 25. Ba2 Rc7 26. Bxc4 bxc4 27. Bc3 Be4 28.
Qf2 Qh6 29. Rd6 g5 30. Ne2 Bd3 31. Rd1 Qh5 32. Qf3 Bxe2 33. Qxh5 Bxh5 34. R1d2
f4 35. Rxa6 f3 36. gxf3 Bxf3+ 37. Kg1 Bd5 38. Rf2 g4 39. a4 h5 40. a5 h4 41. Rf4
Rg7 42. Rd6 g3 43. Rxh4 Rf8 44. h3 g2 45. Rg4 Rf1+ 46. Kh2 Rh1+ 0-1

[Event "Titled Tue 17th Jun Early"]
[Site "chess.com INT"]
[Date "2025.06.17"]
[Round "9"]
[White "Huseynova, Dinara"]
[Black "Mecit, Emre"]
[Result "0-1"]
[WhiteTitle "WCM"]
[WhiteElo "1833"]
[BlackElo "2007"]
[WhiteFideId "13437313"]
[BlackFideId "6304214"]
[EventDate "2025.06.17"]

1. d4 Nf6 2. Nf3 g6 3. e3 Bg7 4. Bd3 O-O 5. Nbd2 c5 6. b3 cxd4 7. exd4 Nc6 8. a3
d5 9. Bb2 Bf5 10. Qe2 Bxd3 11. Qxd3 Rc8 12. O-O e6 13. Ne5 Nxe5 14. dxe5 Nd7 15.
f4 Qc7 16. Rac1 Rfd8 17. Kh1 Nc5 18. Qd4 Qc6 19. Rfe1 Ne4 20. Nxe4 dxe4 21. Qe3
Rd7 22. h3 h5 23. Kh2 a6 24. a4 Bf8 25. Qxe4 Qxe4 26. Rxe4 Rd2 27. Rc4 Rxc4 28.
bxc4 h4 29. Bc3 Rf2 30. Rb1 Rxf4 31. Rxb7 Rxc4 32. Be1 Bg7 33. Bxh4 Bxe5+ 34.
Bg3 Bxg3+ 35. Kxg3 Rxa4 36. Rc7 Kg7 37. c4 Kf6 38. c5 Rc4 39. c6 a5 40. Rc8 Kf5
41. c7 f6 42. Kf3 Rc3+ 43. Kf2 e5 44. g4+ Kg5 45. Ke2 a4 46. Ra8 Rxc7 47. Rxa4
Rc3 48. Kf2 Rxh3 49. Kg2 Rd3 50. Rb4 Rd4 51. Rb8 0-1

[Event "Titled Tue 17th Jun Early"]
[Site "chess.com INT"]
[Date "2025.06.17"]
[Round "9"]
[White "Xue, Haowen"]
[Black "Jake Shanty"]
[Result "1-0"]
[WhiteTitle "GM"]
[BlackTitle "FM"]
[WhiteElo "2518"]
[BlackElo "2252"]
[WhiteFideId "8625492"]
[BlackFideId "33478066"]
[EventDate "2025.06.17"]

1. e3 d5 2. Nf3 Nf6 3. b3 Bf5 4. Bb2 e6 5. Nh4 Bg6 6. Nxg6 hxg6 7. g3 Nbd7 8.
Bg2 Bd6 9. c4 c6 10. Qc2 a5 11. Nc3 Qe7 12. O-O O-O 13. Rab1 Rfc8 14. Ne2 b5 15.
Rfc1 Ba3 16. cxb5 Bxb2 17. Rxb2 cxb5 18. Qxc8+ Rxc8 19. Rxc8+ Kh7 20. Nd4 b4 21.
Rbc2 g5 22. h3 g6 23. Nf3 Ne4 24. R2c7 Qd6 25. d3 Nec5 26. Nxg5+ Kg7 27. d4 Ne4
28. Bxe4 dxe4 29. Nxe4 Qd5 30. Rd8 Qxe4 31. Rdxd7 Qb1+ 32. Kg2 Qxa2 33. Rxf7+
Kh6 34. h4 g5 35. Rf6+ Kh5 36. Rh7+ Kg4 37. Rg7 1-0

[Event "Titled Tue 17th Jun Early"]
[Site "chess.com INT"]
[Date "2025.06.17"]
[Round "9"]
[White "Krzywda, Andrzej"]
[Black "Shuvalov, Evgenij"]
[Result "0-1"]
[WhiteTitle "CM"]
[WhiteElo "2175"]
[BlackElo "1986"]
[WhiteFideId "1114565"]
[BlackFideId "4187237"]
[EventDate "2025.06.17"]

1. d4 Nf6 2. c4 g6 3. Nc3 d5 4. cxd5 Nxd5 5. e4 Nxc3 6. bxc3 Bg7 7. Bc4 c5 8.
Ne2 O-O 9. Be3 Nc6 10. O-O b6 11. Qd2 Bb7 12. Rfd1 e6 13. Rac1 cxd4 14. cxd4 Rc8
15. Bh6 Qh4 16. Bxg7 Kxg7 17. f3 Rfd8 18. Qe3 Qe7 19. Qf4 e5 20. dxe5 Nxe5 21.
Bb3 Qf6 22. Qxf6+ Kxf6 23. Rxc8 Rxd1+ 24. Bxd1 Bxc8 25. Kf2 Be6 26. Nc3 Ke7 27.
Ke3 Kd6 28. f4 Nc6 29. Ba4 a6 30. e5+ Kc7 31. a3 b5 32. Bc2 Kb6 33. Be4 Na5 34.
Kd4 Nb3+ 35. Ke3 Kc5 36. Bc2 Na5 37. Ne4+ Kc4 38. Kd2 Kd4 39. Ng5 Nc4+ 40. Kc1
Nxa3 41. Nxe6+ fxe6 42. Bb3 Nc4 43. g4 a5 44. h4 a4 45. Bc2 b4 46. h5 b3 47.
hxg6 hxg6 48. Bxg6 a3 0-1

[Event "Titled Tue 17th Jun Early"]
[Site "chess.com INT"]
[Date "2025.06.17"]
[Round "9"]
[White "Purushothaman, Thirumalai"]
[Black "Demchenko, Svitlana"]
[Result "0-1"]
[WhiteTitle "FM"]
[BlackTitle "WIM"]
[WhiteElo "2027"]
[BlackElo "2135"]
[WhiteFideId "5012791"]
[BlackFideId "14149893"]
[EventDate "2025.06.17"]

1. e4 d5 2. exd5 Nf6 3. d4 Bg4 4. Be2 Bxe2 5. Nxe2 Qxd5 6. O-O e6 7. Nbc3 Qh5 8.
Bf4 c6 9. Ng3 Qxd1 10. Raxd1 Nbd7 11. Rfe1 O-O-O 12. Nge4 Nxe4 13. Nxe4 Nf6 14.
Nxf6 gxf6 15. c3 Rd7 16. Re3 Be7 17. Bg3 Rhd8 18. Rde1 c5 19. dxc5 Bxc5 20. Rf3
Rd1 21. Kf1 f5 22. Ke2 R8d2+ 23. Kf1 Rxe1+ 24. Kxe1 Rxb2 25. Rd3 Rxa2 26. Bh4 a5
27. Rd8+ Kc7 28. Rh8 a4 29. Rxh7 a3 30. Rxf7+ Kc6 31. Bd8 Ra1+ 32. Ke2 a2 33.
Rc7+ Kd6 34. Kf3 Rb1 0-1

[Event "Titled Tue 17th Jun Early"]
[Site "chess.com INT"]
[Date "2025.06.17"]
[Round "9"]
[White "Preobrazhenskaya, Diana"]
[Black "Stanojevic, Ilija"]
[Result "0-1"]
[WhiteTitle "WFM"]
[BlackTitle "FM"]
[WhiteElo "2005"]
[BlackElo "2189"]
[WhiteFideId "34270566"]
[BlackFideId "959995"]
[EventDate "2025.06.17"]

1. e4 c5 2. Nf3 Nc6 3. Bb5 d6 4. O-O Bd7 5. Re1 a6 6. Bf1 e5 7. h3 g5 8. Nc3 h5
9. Nh2 Nf6 10. d3 Rg8 11. g3 Be7 12. Nd5 g4 13. Nxf6+ Bxf6 14. hxg4 hxg4 15. Be2
Qc8 16. c3 Be6 17. Be3 Qd7 18. Kg2 Ke7 19. c4 Rg7 20. Rh1 Rh8 21. Qd2 Rgh7 22.
Rag1 Nd4 23. Bxd4 cxd4 24. Qd1 Rg7 25. Nf1 Rhg8 26. Rh6 Bg5 27. Rh5 b5 28. b3
bxc4 29. bxc4 Rb8 30. Qc2 Qb7 31. Qa4 Qb2 32. Bd1 Be3 33. Nxe3 dxe3 34. Qc2 Qd4
35. fxe3 Qxe3 36. Qe2 Qd4 37. Qf2 Rb2 38. Be2 Qxf2+ 39. Kxf2 Rxa2 40. Rb1 Kf6
41. Rb7 Rg8 42. Rh6+ Kg5 43. Rh4 a5 44. Ke3 a4 45. Ra7 a3 46. Rh1 Rb8 47. Rc1
Rbb2 48. Bf1 Rf2 49. c5 Rf3# 0-1

[Event "Titled Tue 17th Jun Early"]
[Site "chess.com INT"]
[Date "2025.06.17"]
[Round "9"]
[White "Cuellar Montes, Alejandro"]
[Black "Bukreev, Stanislav"]
[Result "0-1"]
[WhiteTitle "CM"]
[BlackTitle "FM"]
[WhiteElo "2173"]
[BlackElo "2305"]
[WhiteFideId "32096836"]
[BlackFideId "34252347"]
[EventDate "2025.06.17"]

1. d4 e6 2. c4 Nf6 3. Nc3 d5 4. cxd5 Nxd5 5. e4 Nxc3 6. bxc3 c5 7. Rb1 Be7 8.
Nf3 O-O 9. Bc4 b6 10. O-O Bb7 11. Qe2 Nd7 12. Rd1 cxd4 13. cxd4 h6 14. Bf4 Nf6
15. d5 exd5 16. exd5 Bd6 17. Be3 Re8 18. h3 Rc8 19. Ba6 Qd7 20. Bxb7 Qxb7 21.
Qd3 Ne4 22. Rbc1 Rcd8 23. Qb5 Qe7 24. Bd4 Ng5 25. Qb3 Bf4 26. Rb1 Qe4 27. Nxg5
hxg5 28. Bc3 Bd6 29. Re1 Qf4 30. Rbd1 Qh2+ 0-1

[Event "Titled Tue 17th Jun Early"]
[Site "chess.com INT"]
[Date "2025.06.17"]
[Round "9"]
[White "Gardezi, Arsal"]
[Black "Danila, Tudor-Gabriel"]
[Result "0-1"]
[BlackTitle "CM"]
[WhiteElo "2048"]
[BlackElo "2178"]
[WhiteFideId "30949521"]
[BlackFideId "1274244"]
[EventDate "2025.06.17"]

1. Nf3 Nf6 2. g3 g6 3. Bg2 Bg7 4. O-O O-O 5. c4 c5 6. Nc3 Nc6 7. b3 d5 8. cxd5
Nxd5 9. Bb2 h6 10. Rc1 Be6 11. Qc2 Ndb4 12. Qb1 Rc8 13. Ne4 b6 14. Bxg7 Kxg7 15.
Qb2+ Kh7 16. Rfd1 Bf5 17. Nh4 Bxe4 18. Bxe4 Nd4 19. d3 f5 20. Bg2 e5 21. e3 Ndc6
22. Qe2 Nd5 23. e4 Nd4 24. Qd2 Ne7 25. Nf3 f4 26. Nxe5 f3 27. Bh3 Rc7 28. Kh1
Qd6 29. Nc4 Qf6 30. Ne3 h5 31. Bf1 Qe5 32. Nc2 Nec6 33. Nxd4 Nxd4 34. b4 h4 35.
bxc5 bxc5 36. Rc4 hxg3 37. hxg3 Kg7 38. Kg1 Rh8 39. Qf4 Qxf4 40. gxf4 Kf6 41.
Rdc1 Rch7 42. Bg2 Ne2+ 43. Kf1 Rh1+ 44. Bxh1 Rxh1# 0-1

[Event "Titled Tue 17th Jun Early"]
[Site "chess.com INT"]
[Date "2025.06.17"]
[Round "9"]
[White "Odegov, Artem"]
[Black "Drozdowski, Kacper"]
[Result "0-1"]
[WhiteTitle "FM"]
[BlackTitle "IM"]
[WhiteElo "2244"]
[BlackElo "2450"]
[WhiteFideId "34183644"]
[BlackFideId "1136720"]
[EventDate "2025.06.17"]

1. d4 Nf6 2. Nf3 e6 3. c4 Bb4+ 4. Bd2 a5 5. a3 Bxd2+ 6. Qxd2 O-O 7. Nc3 d5 8. h4
b6 9. h5 h6 10. cxd5 exd5 11. Qf4 c5 12. e3 c4 13. Ne5 Be6 14. g4 Nfd7 15. Nxd7
Nxd7 16. Bg2 Nf6 17. g5 hxg5 18. Qxg5 Ng4 19. Qf4 Qf6 20. Nxd5 Bxd5 21. Qxg4
Bxg2 22. Qxg2 Rac8 23. h6 g6 24. Rh5 Rfe8 25. Kf1 Rxe3 26. Qg5 Qxg5 27. Rxg5 Rb3
28. Ra2 Rd8 29. d5 Kh7 30. Rg4 b5 31. a4 b4 32. Rxc4 Rxd5 33. Rc7 Rf5 34. Kg2
Rbf3 35. b3 Rxb3 36. Re2 Kxh6 37. Ra7 Ra3 38. Re8 Rxa4 39. Kg3 Kg5 40. f4+ Rxf4 0-1